[Event "ICS rated blitz match"]
[Site "204.178.125.65"]
[Date "1999.08.03"]
[Round "?"]
[White "DrHugoELO"]
[Black "Hossa"]
[Result "1-0"]
[WhiteElo "2157"]
[BlackElo "2486"]
[PlyCount "99"]
[EventDate "1999.??.??"]

1. c4 c6 2. Nc3 d5 3. d4 dxc4 4. e4 e5 5. d5 b5 6. dxc6 Qxd1+ 7. Kxd1 Nxc6 8.
Nxb5 Bg4+ 9. f3 Rd8+ 10. Kc2 Be6 11. Nc7+ Kd7 12. Nxe6 Kxe6 13. Bxc4+ Ke7 14.
Ne2 Nf6 15. a3 Rc8 16. Kd3 Rd8+ 17. Ke3 Nd4 18. Nxd4 exd4+ 19. Kd3 Ke8 20. Bg5
Be7 21. Bd2 Kf8 22. g4 Kg8 23. h4 Nd7 24. Ke2 d3+ 25. Bxd3 Ne5 26. Bc2 Nxf3 27.
Ba5 Nd4+ 28. Kf2 Nxc2 29. Bxd8 Bc5+ 30. Kf3 Nxa1 31. Rxa1 Bd4 32. Ba5 Bxb2 33.
Rb1 Be5 34. Bc3 Bd6 35. e5 Bf8 36. Rb8 a5 37. Bxa5 g6 38. Bb4 Kg7 39. Rxf8 g5
40. hxg5 Rg8 41. Rxg8+ Kxg8 42. Kf4 f6 43. gxf6 Kf7 44. Kf5 Ke8 45. e6 Kd8 46.
e7+ Kd7 47. f7 Kc6 48. e8=Q+ Kb7 49. Qe7+ Kb8 50. f8=Q# {Hossa checkmated} 1-0

[Event "ICS rated blitz match"]
[Site "204.178.125.65"]
[Date "1999.08.03"]
[Round "?"]
[White "Hossa"]
[Black "DrHugoELO"]
[Result "1-0"]
[WhiteElo "2458"]
[BlackElo "2185"]
[PlyCount "79"]
[EventDate "1999.??.??"]

1. d4 c5 2. d5 e5 3. e4 d6 4. Bb5+ Bd7 5. Bxd7+ Nxd7 6. Ne2 Be7 7. c4 Ngf6 8.
Nd2 Rb8 9. O-O O-O 10. f4 Ng4 11. Qb3 exf4 12. Qh3 Nge5 13. Nxf4 b5 14. cxb5
Rxb5 15. Nb1 Bf6 16. Nc3 Rb4 17. Qh5 Nb6 18. Rb1 a5 19. b3 Ng6 20. a3 Nxf4 21.
Bxf4 Rd4 22. Nb5 Rxe4 23. Qf3 Re5 24. Rbd1 Rfe8 25. Bxe5 Rxe5 26. Na7 Qa8 27.
Nc6 Re8 28. Qd3 Bd4+ 29. Nxd4 cxd4 30. Qxd4 Qb7 31. Rfe1 Rc8 32. b4 axb4 33.
axb4 h6 34. Qe4 Nc4 35. Qb1 Qb6+ 36. Kh1 Ne3 37. Rd2 Rc3 38. Rd3 Rxd3 39. Qxd3
Ng4 40. Re8# {DrHugoELO checkmated} 1-0

[Event "ICS rated blitz match"]
[Site "204.178.125.65"]
[Date "1999.08.03"]
[Round "?"]
[White "DrHugoELO"]
[Black "Hossa"]
[Result "0-1"]
[WhiteElo "2179"]
[BlackElo "2464"]
[PlyCount "34"]
[EventDate "1999.??.??"]

1. c4 c6 2. Nc3 d5 3. d4 dxc4 4. e4 e5 5. d5 b5 6. dxc6 Qxd1+ 7. Kxd1 Nf6 8. c7
Nbd7 9. f3 Ba6 10. Be3 b4 11. Nd5 Nxd5 12. exd5 Nf6 13. b3 Nxd5 14. Bxa7 Rxa7
15. Bxc4 Ne3+ 16. Kd2 Nxc4+ 17. bxc4 17... Rxc7 {DrHugoELO resigns} 0-1

[Event "ICS rated blitz match"]
[Site "204.178.125.65"]
[Date "1999.08.03"]
[Round "?"]
[White "Beadle"]
[Black "Hossa"]
[Result "1-0"]
[WhiteElo "2599"]
[BlackElo "2478"]
[PlyCount "102"]
[EventDate "1999.??.??"]

1. e4 e6 2. d4 d5 3. Nc3 Bb4 4. a3 Bxc3+ 5. bxc3 dxe4 6. Qg4 Nf6 7. Qxg7 Rg8 8.
Qh6 c5 9. Ne2 cxd4 10. cxd4 Nc6 11. Bb2 Qa5+ 12. Bc3 Qf5 13. Ng3 Qg5 14. Qxg5
Rxg5 15. Rb1 Kd8 16. Bb5 Bd7 17. Bc4 Kc7 18. Bd2 Rg7 19. O-O Nd5 20. c3 Rag8
21. Bxd5 exd5 22. f3 f5 23. Bf4+ Kc8 24. Rf2 Re8 25. Nf1 Be6 26. Ne3 Rd8 27.
Kh1 Rg6 28. g3 h6 29. h3 h5 30. Rbb2 Rd7 31. Kh2 Rf7 32. Rb5 a6 33. Rc5 Rd7 34.
c4 dxc4 35. d5 Bf7 36. Nxc4 Re7 37. dxc6 Bxc4 38. cxb7+ Kxb7 39. Rxc4 Rb6 40.
fxe4 fxe4 41. Re2 Rb3 42. Kg2 a5 43. a4 Rb4 44. Rxb4+ axb4 45. Bd6 Rd7 46. Bxb4
Rd4 47. Rb2 Rd3 48. a5 Kc6 49. a6 Kb6 50. Ra2 Kb5 51. Be7 51... e3 {
Hossa resigns} 1-0

[Event "ICS rated blitz match"]
[Site "204.178.125.65"]
[Date "1999.08.03"]
[Round "?"]
[White "Hossa"]
[Black "pagoda"]
[Result "1-0"]
[WhiteElo "2467"]
[BlackElo "2297"]
[PlyCount "49"]
[EventDate "1999.??.??"]

1. e4 Nf6 2. Nc3 d5 3. exd5 Nxd5 4. d4 c6 5. Ne4 Bf5 6. Bd3 e6 7. Ne2 Nb4 8.
Be3 Nd7 9. O-O Nxd3 10. Qxd3 Be7 11. N2g3 Bg6 12. Qb3 Qb6 13. c3 O-O 14. Qxb6
axb6 15. Bf4 b5 16. Bd6 Bxd6 17. Nxd6 Rfb8 18. f4 Nb6 19. f5 exf5 20. Ngxf5
Bxf5 21. Rxf5 f6 22. a3 Nd5 23. Re1 Ra7 24. Nxb5 Rba8 25. Nxa7 {pagoda resigns}
1-0

[Event "ICS rated blitz match"]
[Site "204.178.125.65"]
[Date "1999.08.03"]
[Round "?"]
[White "pagoda"]
[Black "Hossa"]
[Result "0-1"]
[WhiteElo "2288"]
[BlackElo "2476"]
[PlyCount "54"]
[EventDate "1999.??.??"]

1. e4 e6 2. d4 d5 3. Nc3 Bb4 4. e5 Ne7 5. Bd2 O-O 6. f4 f6 7. Nf3 c5 8. Nb5
Bxd2+ 9. Qxd2 a6 10. Nd6 cxd4 11. Nxd4 fxe5 12. fxe5 Nec6 13. Nxc8 Qh4+ 14. g3
Qe4+ 15. Ne2 Qxh1 16. O-O-O Rxf1 17. Nb6 Ra7 18. Nc3 Nxe5 19. Nc8 Ra8 20. Nb6
Rxd1+ 21. Nxd1 Ra7 22. Nc8 Nbc6 23. Nxa7 Nxa7 24. Qa5 Nec6 25. Qc7 Qxh2 26.
Qxb7 Qh6+ 27. Kb1 27... Qd2 {pagoda resigns} 0-1

[Event "ICS rated blitz match"]
[Site "204.178.125.65"]
[Date "1999.08.03"]
[Round "?"]
[White "Hossa"]
[Black "pagoda"]
[Result "1/2-1/2"]
[WhiteElo "2484"]
[BlackElo "2280"]
[PlyCount "71"]
[EventDate "1999.??.??"]

1. e4 d6 2. f4 Nf6 3. Nc3 c6 4. Be2 e5 5. fxe5 dxe5 6. Nf3 Bc5 7. Nxe5 Qd4 8.
Nd3 Bb6 9. Bf3 Be6 10. Ne2 Qd8 11. Ndf4 Nbd7 12. d4 Bg4 13. Bxg4 Nxg4 14. Nc3
Nh6 15. Nh5 Rg8 16. Bxh6 gxh6 17. g3 Qe7 18. Qd3 O-O-O 19. O-O-O Ne5 20. Qf1
Bxd4 21. Nf6 Bxc3 22. Qf5+ Kb8 23. Nxg8 Bxb2+ 24. Kb1 Rxd1+ 25. Rxd1 Qb4 26.
Rd8+ Kc7 27. Rc8+ Kb6 28. Qxf7 Nc4 29. Qxc4 Qxc4 30. Kxb2 Qb4+ 31. Kc1 Qe1+ 32.
Kb2 Qb4+ 33. Kc1 Qe1+ 34. Kb2 Qb4+ 35. Kc1 Qe1+ 36. Kb2 {
Game drawn by repetition} 1/2-1/2

[Event "ICS rated blitz match"]
[Site "204.178.125.65"]
[Date "1999.08.03"]
[Round "?"]
[White "pagoda"]
[Black "Hossa"]
[Result "0-1"]
[WhiteElo "2288"]
[BlackElo "2476"]
[PlyCount "54"]
[EventDate "1999.??.??"]

1. Nc3 Nf6 2. e4 e5 3. Nf3 Bb4 4. Nxe5 d6 5. Nf3 Bxc3 6. dxc3 Nxe4 7. Be3 O-O
8. Bd3 Re8 9. Qe2 Bg4 10. O-O-O Qf6 11. h3 Bxf3 12. gxf3 Nc5 13. Rhg1 Nxd3+ 14.
Qxd3 Nc6 15. f4 Qe6 16. Kb1 a6 17. h4 Rac8 18. h5 Rb8 19. Rg5 f6 20. Rg3 Ne7
21. Rdg1 Nf5 22. Rxg7+ Nxg7 23. h6 Re7 24. a4 Rbe8 25. Bd4 c6 26. f5 Qd5 27.
hxg7 27... Re1+ {pagoda resigns} 0-1

[Event "ICS rated blitz match"]
[Site "204.178.125.65"]
[Date "1999.08.04"]
[Round "?"]
[White "Hossa"]
[Black "pagoda"]
[Result "0-1"]
[WhiteElo "2494"]
[BlackElo "2258"]
[PlyCount "128"]
[EventDate "1999.??.??"]

1. e4 d6 2. d4 Nf6 3. Nc3 c6 4. f4 Qa5 5. Bd3 e5 6. Nf3 Bg4 7. Be3 Nbd7 8. h3
Bxf3 9. Qxf3 Be7 10. O-O-O O-O 11. Be2 b5 12. fxe5 dxe5 13. Qg3 b4 14. dxe5
Nxe5 15. Nd5 cxd5 16. Qxe5 Rfe8 17. Qf5 Qxa2 18. exd5 Bd6 19. Qd3 Ne4 20. Qa6
Qxa6 21. Bxa6 Ng3 22. Rhe1 Rxe3 23. Rxe3 Bf4 24. Bb5 Bxe3+ 25. Kb1 Bb6 26. Bc6
Rd8 27. Re1 Nf5 28. Re4 Bc5 29. Rc4 Bd6 30. Re4 Ne7 31. g4 Nxc6 32. dxc6 Rc8
33. Rc4 Kf8 34. Ka2 Ke7 35. Kb3 Ke6 36. g5 Kd5 37. Rh4 Rxc6 38. Rxh7 Be5 39.
Rh8 a5 40. Ra8 Rc5 41. h4 Ke4 42. Ra7 Bc7 43. h5 Kf5 44. h6 gxh6 45. gxh6 Kg6
46. Ra6+ f6 47. c4 bxc3 48. bxc3 Be5 49. c4 Kxh6 50. Rb6 Kg5 51. Rb5 Rxb5+ 52.
cxb5 Bd4 53. Ka2 Bb6 54. Kb2 f5 55. Ka1 f4 56. Kb1 f3 57. Ka2 f2 58. Kb2 f1=Q
59. Kc2 Qf3 60. Kb2 Bd4+ 61. Kb1 Qe2 62. Kc1 Bc3 63. b6 Qd2+ 64. Kb1 64... Qb2#
{Hossa checkmated} 0-1

[Event "ICS rated blitz match"]
[Site "204.178.125.65"]
[Date "1999.08.04"]
[Round "?"]
[White "Njall"]
[Black "Hossa"]
[Result "1-0"]
[WhiteElo "2230"]
[BlackElo "2469"]
[PlyCount "139"]
[EventDate "1999.??.??"]

1. d4 Nf6 2. c4 e6 3. Nc3 b6 4. e4 Bb7 5. Bd3 d5 6. cxd5 exd5 7. e5 Nfd7 8.
Nge2 c5 9. f4 cxd4 10. Nxd4 Bc5 11. Be3 O-O 12. O-O Nc6 13. Nce2 Nb4 14. Bb1
Rc8 15. a3 Nc6 16. b4 Bxd4 17. Nxd4 Nxd4 18. Bxd4 Qh4 19. Rf3 h6 20. Bf5 Rc7
21. e6 fxe6 22. Bxe6+ Kh8 23. f5 Qe4 24. Re3 Qf4 25. Qd2 Nf6 26. Rf1 Qg5 27.
Be5 Rc2 28. Bxf6 Rxf6 29. Qxc2 Qxe3+ 30. Qf2 Qxa3 31. Qd4 Qb3 32. Rc1 a5 33.
Qxb6 Qxb4 34. Qxb4 axb4 35. Rc7 Ba6 36. Ra7 Be2 37. Ra8+ Kh7 38. Bg8+ Kh8 39.
Bxd5+ Kh7 40. Bg8+ Kh8 41. Bc4+ Kh7 42. Bxe2 Rc6 43. Rb8 Rc1+ 44. Kf2 h5 45.
Rxb4 Rc5 46. g4 hxg4 47. Bxg4 Re5 48. Kg3 Kg8 49. Kf4 Re8 50. Bh5 Rd8 51. Bg6
Kf8 52. h4 Rd7 53. Re4 Rd8 54. h5 Rb8 55. Kg5 Rd8 56. h6 Kg8 57. hxg7 Kxg7 58.
Re7+ Kh8 59. Kh6 Ra8 60. f6 Rc8 61. Rh7+ Kg8 62. f7+ Kf8 63. Rh8+ Ke7 64. Rxc8
Kd6 65. f8=Q+ Ke5 66. Qf5+ Kd6 67. Rc5 Ke7 68. Qe5+ Kf8 69. Qf6+ Kg8 70. Rc8# {
Hossa checkmated} 1-0

[Event "ICS rated blitz match"]
[Site "204.178.125.65"]
[Date "1999.08.04"]
[Round "?"]
[White "SuperChicken"]
[Black "Hossa"]
[Result "1-0"]
[WhiteElo "2611"]
[BlackElo "2443"]
[PlyCount "89"]
[EventDate "1999.??.??"]

1. e4 d6 2. d4 Nf6 3. Nc3 c6 4. f4 Qa5 5. Bd3 e5 6. Nf3 Bg4 7. dxe5 dxe5 8.
fxe5 Nfd7 9. Bf4 Ba3 10. Qc1 Bxf3 11. gxf3 Nxe5 12. Be2 O-O 13. Rg1 Bb4 14.
Bxe5 Qxe5 15. Qd2 Kh8 16. O-O-O Qxh2 17. Qd4 Qh6+ 18. Kb1 c5 19. Qf2 f5 20. Nd5
fxe4 21. Nc7 Nc6 22. Nxa8 Rxa8 23. fxe4 Qe6 24. Rgf1 c4 25. Qg2 Re8 26. c3 Bc5
27. Rd5 b6 28. Bxc4 Ne5 29. Bb5 Rc8 30. Rf5 Nc6 31. Bxc6 Qxc6 32. Rf7 Bf8 33.
Rdd7 Qh6 34. Rxa7 Qd6 35. Qf3 Qd8 36. e5 b5 37. Rac7 Rb8 38. e6 Qd6 39. Rcd7
Qc5 40. Qg3 b4 41. e7 g5 42. exf8=Q+ Qxf8 43. Rxh7+ Kg8 44. Qxg5+ Qg7 45. Qxg7#
{Hossa checkmated} 1-0

[Event "ICS rated blitz match"]
[Site "204.178.125.65"]
[Date "1999.08.04"]
[Round "?"]
[White "Hossa"]
[Black "libertad"]
[Result "1-0"]
[WhiteElo "2434"]
[BlackElo "2287"]
[PlyCount "83"]
[EventDate "1999.??.??"]

1. d4 Nf6 2. c4 e6 3. Nc3 Bb4 4. Bg5 h6 5. Bh4 c5 6. d5 Bxc3+ 7. bxc3 e5 8. Nf3
g5 9. Bg3 d6 10. Nd2 Bf5 11. f3 Nbd7 12. e4 Bg6 13. Be2 Nh5 14. Bf2 Nf4 15. O-O
Qa5 16. Nb1 f5 17. Qc2 fxe4 18. fxe4 Nf6 19. Bf3 g4 20. Bh4 gxf3 21. Bxf6 Rf8
22. Bxe5 Ne2+ 23. Kh1 dxe5 24. Rxf3 Rxf3 25. gxf3 Nf4 26. Nd2 O-O-O 27. Rg1 Qc7
28. Qa4 Kb8 29. Rb1 Bh5 30. Rg1 Rf8 31. Qc2 Qe7 32. Rg3 Qh4 33. Qd1 Nh3 34. Qb1
Qf4 35. Rxh3 Qxd2 36. Rxh5 Rxf3 37. Rxe5 b6 38. Re8+ Kc7 39. Re7+ Kd6 40. Rxa7
Qf4 41. Qxb6+ Ke5 42. Re7# {libertad checkmated} 1-0

[Event "ICS rated blitz match"]
[Site "204.178.125.65"]
[Date "1999.08.04"]
[Round "?"]
[White "libertad"]
[Black "Hossa"]
[Result "0-1"]
[WhiteElo "2277"]
[BlackElo "2444"]
[PlyCount "96"]
[EventDate "1999.??.??"]

1. d4 Nf6 2. c4 d6 3. Nc3 e5 4. d5 Bf5 5. Bg5 Be7 6. Bxf6 Bxf6 7. e4 Bd7 8. Nf3
O-O 9. Be2 Be7 10. O-O f5 11. exf5 Bxf5 12. Rc1 Nd7 13. Re1 c5 14. Bd3 Bg4 15.
Be2 Rf4 16. h3 Bxf3 17. Bxf3 Rxc4 18. a3 Bg5 19. Rc2 Rd4 20. Qe2 Nf6 21. Ne4
Nxd5 22. Nxg5 Nf4 23. Qe3 Qxg5 24. Bxb7 Rb8 25. Bf3 Nxh3+ 26. Kh2 Nf4 27. g3
Qf5 28. gxf4 Qxc2 29. fxe5 Rd3 30. Qe2 Rd2 31. Bd5+ Kh8 32. Bb3 Rxe2 33. Bxc2
Rxe1 34. exd6 Re2 35. Bf5 Rxf2+ 36. Kg3 Rxf5 37. d7 c4 38. Kg4 Rd5 39. Kf4 g5+
40. Ke4 Rxd7 41. Ke5 Rxb2 42. Ke6 Rd3 43. Kf5 Rxa3 44. Kxg5 c3 45. Kf4 c2 46.
Ke4 Rb5 47. Kd4 c1=Q 48. Ke4 48... Qc4# {libertad checkmated} 0-1

[Event "ICS rated blitz match"]
[Site "204.178.125.65"]
[Date "1999.08.04"]
[Round "?"]
[White "Hossa"]
[Black "libertad"]
[Result "1-0"]
[WhiteElo "2453"]
[BlackElo "2268"]
[PlyCount "65"]
[EventDate "1999.??.??"]

1. d4 d5 2. c4 Nf6 3. cxd5 Nxd5 4. e4 Nb6 5. Nc3 c6 6. Bg5 f6 7. Bf4 Be6 8. b3
Bf7 9. Be2 N8d7 10. Nf3 e6 11. O-O Bb4 12. Qd3 O-O 13. a3 Be7 14. b4 Re8 15.
Qe3 Bf8 16. Rfd1 Rc8 17. Rd2 Qe7 18. Rad1 e5 19. dxe5 fxe5 20. Bg5 Qe6 21. Bh4
Nf6 22. Ng5 Qe7 23. Nxf7 Qxf7 24. f4 exf4 25. Qf3 Kh8 26. Qxf4 Be7 27. e5 Qb3
28. exf6 Qxc3 29. fxe7 Nd5 30. Qe4 Nf6 31. Bxf6 Qxf6 32. Rd8 Qf7 33. Rxc8 {
libertad resigns} 1-0

[Event "ICS rated blitz match"]
[Site "204.178.125.65"]
[Date "1999.08.04"]
[Round "?"]
[White "libertad"]
[Black "Hossa"]
[Result "0-1"]
[WhiteElo "2260"]
[BlackElo "2461"]
[PlyCount "92"]
[EventDate "1999.??.??"]

1. e4 d6 2. Nf3 f5 3. exf5 Bxf5 4. d4 Nd7 5. Nc3 e6 6. Bd3 Bxd3 7. Qxd3 Ngf6 8.
O-O Qe7 9. Bg5 O-O-O 10. d5 e5 11. Rfe1 h6 12. Bh4 g5 13. Bg3 Qf7 14. Ne4 Nxd5
15. Qa3 g4 16. Nfd2 Kb8 17. c4 N5f6 18. b4 Nxe4 19. Nxe4 Qxc4 20. Rac1 Qf7 21.
Qa5 Nb6 22. Rc2 Nc4 23. Qb5 Na3 24. Qd3 Nxc2 25. Qxc2 h5 26. Bh4 Be7 27. Bxe7
Qxe7 28. Rc1 d5 29. Nc5 Rhf8 30. Qa4 c6 31. b5 Qf6 32. Rf1 Qd6 33. Rc1 Qh6 34.
Rb1 Qd2 35. Rf1 Rf4 36. bxc6 Rxa4 37. Nxa4 Qc2 38. cxb7 Qxa4 39. g3 Qxa2 40.
Re1 Kxb7 41. Rxe5 Qa1+ 42. Kg2 Qxe5 43. h4 Qe4+ 44. Kg1 Re8 45. Kh2 Qf3 46. Kg1
46... Re1+ {libertad resigns} 0-1

[Event "ICS rated blitz match"]
[Site "204.178.125.65"]
[Date "1999.08.04"]
[Round "?"]
[White "Hossa"]
[Black "libertad"]
[Result "1-0"]
[WhiteElo "2469"]
[BlackElo "2252"]
[PlyCount "45"]
[EventDate "1999.??.??"]

1. d4 d5 2. c4 e5 3. dxe5 d4 4. Nf3 Nc6 5. Bf4 Bg4 6. Nbd2 f6 7. a3 fxe5 8.
Nxe5 Nxe5 9. Bxe5 Nf6 10. Qb3 Bd6 11. Bxd4 c5 12. Bxf6 Qxf6 13. Ne4 Qe5 14.
Qxb7 O-O 15. Nxd6 Qxd6 16. Qd5+ Qxd5 17. cxd5 Rab8 18. f3 Bh5 19. O-O-O Bg6 20.
e4 Rfc8 21. Bc4 Be8 22. d6+ Kf8 23. d7 {libertad resigns} 1-0

[Event "ICS rated blitz match"]
[Site "204.178.125.65"]
[Date "1999.08.04"]
[Round "?"]
[White "libertad"]
[Black "Hossa"]
[Result "0-1"]
[WhiteElo "2245"]
[BlackElo "2476"]
[PlyCount "35"]
[EventDate "1999.??.??"]

1. d4 Nf6 2. c4 Nc6 3. Nc3 e5 4. d5 Nb4 5. a3 Na6 6. Nf3 Bd6 7. e4 O-O 8. Bg5
Be7 9. Bd3 d6 10. O-O Nxd5 11. cxd5 Bxg5 12. Nxg5 Qxg5 13. Bxa6 bxa6 14. Rc1 f5
15. f3 fxe4 16. fxe4 Rxf1+ 17. Qxf1 Bb7 18. Qe2 {libertad resigns} 0-1

[Event "ICS rated blitz match"]
[Site "204.178.125.65"]
[Date "1999.08.04"]
[Round "?"]
[White "Hossa"]
[Black "Galaad"]
[Result "1/2-1/2"]
[WhiteElo "2483"]
[BlackElo "2008"]
[PlyCount "79"]
[EventDate "1999.??.??"]

1. d4 c6 2. Nf3 d5 3. c4 Nf6 4. Nc3 a6 5. Bg5 Ne4 6. Nxe4 dxe4 7. Ng1 e5 8.
Bxd8 Bb4+ 9. Qd2 Bxd2+ 10. Kxd2 Kxd8 11. dxe5 Nd7 12. f4 f5 13. Rd1 Kc7 14. Kc1
Nc5 15. e3 Be6 16. b4 Nd7 17. Rd6 Rhe8 18. Nh3 h6 19. Kb1 a5 20. b5 Nc5 21. Be2
a4 22. Rc1 a3 23. g3 Ra4 24. Ka1 Rb4 25. bxc6 bxc6 26. Rb1 Reb8 27. Rxb4 Rxb4
28. Ng1 Rb2 29. Rd1 Na4 30. Rc1 c5 31. h4 Kb6 32. Bd1 Ka5 33. Bxa4 Kxa4 34. h5
Kb4 35. Rb1 Kc3 36. Nh3 Bxc4 37. Rc1+ Kb4 38. Rb1 Kc3 39. Rc1+ Kb4 40. Rb1 {
Game drawn by mutual agreement} 1/2-1/2

[Event "ICS rated blitz match"]
[Site "204.178.125.65"]
[Date "1999.08.04"]
[Round "?"]
[White "brutus"]
[Black "Hossa"]
[Result "1/2-1/2"]
[WhiteElo "2060"]
[BlackElo "2471"]
[PlyCount "68"]
[EventDate "1999.??.??"]

1. e4 d6 2. d4 Nf6 3. Nc3 Nbd7 4. Bg5 e5 5. Nf3 Be7 6. dxe5 dxe5 7. Bc4 Bb4 8.
O-O Bxc3 9. bxc3 O-O 10. Qe2 Qe7 11. Rab1 Rd8 12. Rfd1 c6 13. Rd2 b5 14. Bb3 a5
15. a4 Rb8 16. Rbd1 bxa4 17. Bxa4 Bb7 18. Nh4 h6 19. Nf5 Qf8 20. Bh4 Nc5 21.
Bxf6 Rxd2 22. Rxd2 gxf6 23. Qg4+ Kh7 24. Bb3 Ba6 25. Qh4 Nxb3 26. cxb3 Rxb3 27.
h3 Rxc3 28. Qxf6 Bd3 29. f3 Rb3 30. Ra2 Rb5 31. Rd2 Rb3 32. Ra2 Rb5 33. Rd2 Rb3
34. Ra2 34... Rb5 {Game drawn by repetition} 1/2-1/2

[Event "ICS rated blitz match"]
[Site "204.178.125.65"]
[Date "1999.08.04"]
[Round "?"]
[White "Hossa"]
[Black "brutus"]
[Result "0-1"]
[WhiteElo "2458"]
[BlackElo "2073"]
[PlyCount "91"]
[EventDate "1999.??.??"]

1. d4 Nf6 2. c4 g6 3. Nc3 d5 4. cxd5 Nxd5 5. e4 Nxc3 6. bxc3 Bg7 7. Bb5+ c6 8.
Bc4 O-O 9. Ne2 b5 10. Bd3 a6 11. O-O Nd7 12. Ba3 Bb7 13. Qd2 Re8 14. f4 e6 15.
Bb4 Qc7 16. Rab1 c5 17. Ba3 Red8 18. Rf2 cxd4 19. cxd4 Nb6 20. Bc5 Na4 21. Rc1
Nxc5 22. Rxc5 Qb6 23. Qc3 Rac8 24. Rxc8 Rxc8 25. Qb4 Bf8 26. Qd2 b4 27. Qe3 a5
28. Rf1 a4 29. Re1 Ba6 30. Bxa6 Qxa6 31. Qd2 Qb5 32. Ng3 b3 33. axb3 axb3 34.
Qd1 Rc2 35. Kh1 Qc4 36. Qb1 Ba3 37. Qa1 Rc1 38. Rxc1 Qxc1+ 39. Qxc1 Bxc1 40.
Ne2 Bd2 41. g4 b2 42. Kg2 b1=Q 43. Ng3 Bxf4 44. d5 Bxg3 45. Kxg3 Qxe4 46. dxe6
{Hossa resigns} 0-1

[Event "ICS rated blitz match"]
[Site "204.178.125.65"]
[Date "1999.08.04"]
[Round "?"]
[White "Hossa"]
[Black "brutus"]
[Result "1-0"]
[WhiteElo "2401"]
[BlackElo "2130"]
[PlyCount "117"]
[EventDate "1999.??.??"]

1. e4 e6 2. d4 d5 3. Nc3 Nf6 4. Bb5+ c6 5. Bd3 c5 6. exd5 cxd4 7. Bb5+ Bd7 8.
Qxd4 Bxb5 9. Nxb5 Nxd5 10. Bd2 Nc6 11. Qg4 a6 12. Nc3 Nf6 13. Qg5 h6 14. Qe3
Qd4 15. O-O-O Qxe3 16. Bxe3 Bb4 17. Nge2 O-O 18. Bb6 Ng4 19. f4 Nf6 20. a3 Ba5
21. Bxa5 Nxa5 22. Rd3 Rfd8 23. Rhd1 Nc6 24. Nd4 Nxd4 25. Rxd4 Rxd4 26. Rxd4 Kf8
27. g3 Ke7 28. h4 Rd8 29. Rxd8 Kxd8 30. Kd2 Kd7 31. Ke3 Kc6 32. Ne4 Nxe4 33.
Kxe4 Kd6 34. c4 f6 35. h5 Kc5 36. Kd3 b6 37. b4+ Kd6 38. a4 a5 39. c5+ bxc5 40.
bxa5 Kc6 41. Kc4 e5 42. fxe5 fxe5 43. a6 Kb6 44. a7 Kxa7 45. Kxc5 Ka6 46. Kd5
Ka5 47. Kxe5 Kxa4 48. Kf5 Kb5 49. Kg6 Kc5 50. Kxg7 Kd5 51. Kxh6 Ke5 52. Kg6 Ke4
53. h6 Kf3 54. h7 Kxg3 55. h8=Q Kf4 56. Qe8 Kf3 57. Kf5 Kg3 58. Qe2 Kh4 59.
Qh2# {brutus checkmated} 1-0

[Event "ICS rated blitz match"]
[Site "204.178.125.65"]
[Date "1999.08.04"]
[Round "?"]
[White "Slivovitz"]
[Black "Hossa"]
[Result "1/2-1/2"]
[WhiteElo "2056"]
[BlackElo "2407"]
[PlyCount "68"]
[EventDate "1999.??.??"]

1. e4 e6 2. Nf3 d5 3. e5 c5 4. d4 cxd4 5. Bd3 Bb4+ 6. Nbd2 Nd7 7. O-O Ne7 8. a3
Bxd2 9. Bxd2 Nc6 10. Re1 O-O 11. Bxh7+ Kxh7 12. Ng5+ Kg6 13. f4 Rh8 14. Qg4 f5
15. Qg3 Qe7 16. Nxe6+ Kh7 17. Ng5+ Kg8 18. b4 Nb6 19. b5 Nd8 20. Bb4 Qd7 21. e6
Qe8 22. Nf7 Nxf7 23. exf7+ Qxf7 24. Re7 Qf6 25. Re8+ Kh7 26. Re7 Bd7 27. Rae1
Rac8 28. Rxg7+ Qxg7 29. Re7 Qxe7 30. Bxe7 Rxc2 31. Qh4+ Kg8 32. Qg5+ Kh7 33.
Qh4+ Kg8 34. Qg5+ 34... Kh7 {Game drawn by mutual agreement} 1/2-1/2

[Event "ICS rated blitz match"]
[Site "204.178.125.65"]
[Date "1999.08.04"]
[Round "?"]
[White "Hossa"]
[Black "ratasudaca"]
[Result "1-0"]
[WhiteElo "2395"]
[BlackElo "2186"]
[PlyCount "81"]
[EventDate "1999.??.??"]

1. d4 Nf6 2. c4 g6 3. Nc3 d5 4. cxd5 Nxd5 5. e4 Nxc3 6. bxc3 Bg7 7. Bb5+ Nd7 8.
Ne2 O-O 9. O-O c5 10. Bg5 h6 11. Be3 Qa5 12. Bd3 Rd8 13. f3 b6 14. Bd2 Ba6 15.
Be1 Bxd3 16. Qxd3 Ne5 17. Qc2 Nc4 18. Rf2 Qa6 19. d5 Ne5 20. Rd1 Qc4 21. Rf1 b5
22. Bh4 g5 23. Bg3 b4 24. Rc1 Nd3 25. cxb4 Qxc2 26. Rxc2 cxb4 27. Rb1 a5 28.
Rd1 Ne5 29. Nd4 Rac8 30. Bxe5 Bxe5 31. Nc6 Bc3 32. Nxe7+ Kg7 33. Nxc8 Rxc8 34.
Kf1 Kf6 35. Rdc1 Ke5 36. g4 Rc4 37. Ke2 Kf4 38. d6 Rc8 39. d7 Rd8 40. Rd2 Bxd2
41. Rc5 {ratasudaca resigns} 1-0

[Event "ICS rated blitz match"]
[Site "204.178.125.65"]
[Date "1999.08.04"]
[Round "?"]
[White "Slivovitz"]
[Black "Hossa"]
[Result "0-1"]
[WhiteElo "2066"]
[BlackElo "2402"]
[PlyCount "57"]
[EventDate "1999.??.??"]

1. e4 e6 2. Nc3 d5 3. d4 Bb4 4. e5 Ne7 5. a3 Bxc3+ 6. bxc3 O-O 7. Bd3 f6 8. Nf3
Nd7 9. exf6 Nxf6 10. O-O c5 11. Re1 c4 12. Bf1 Qa5 13. Bd2 Ne4 14. Ne5 Nxf2 15.
Qh5 Qa4 16. Ra2 Ne4 17. Bg5 Nxc3 18. Bxe7 Rf5 19. Qh4 Nxa2 20. g4 Rf4 21. Qg5
Qe8 22. Qxf4 Qxe7 23. Qe3 c3 24. Nd3 Qxa3 25. Nc5 Nb4 26. Nxe6 Nxc2 27. Qg5
Bxe6 28. Rxe6 Nxd4 29. Re7 {Slivovitz resigns} 0-1

[Event "ICS rated blitz match"]
[Site "204.178.125.65"]
[Date "1999.08.04"]
[Round "?"]
[White "Hossa"]
[Black "Slivovitz"]
[Result "0-1"]
[WhiteElo "2406"]
[BlackElo "2062"]
[PlyCount "116"]
[EventDate "1999.??.??"]

1. e4 e6 2. d4 d5 3. e5 b6 4. Qh5 Ba6 5. Bxa6 Nxa6 6. Bd2 Qd7 7. c3 Ne7 8. Nh3
c5 9. Ng5 Ng6 10. Nxh7 c4 11. Nxf8 Kxf8 12. Qe2 Nc7 13. O-O Ke7 14. f4 Nh4 15.
b3 b5 16. Qg4 Nf5 17. Re1 Rh4 18. Qg5+ f6 19. exf6+ Kf7 20. Re5 Rh7 21. fxg7
Rg8 22. Qg4 Rgxg7 23. Qe2 Rh6 24. bxc4 dxc4 25. Be1 Rhg6 26. g3 Nd5 27. Kf1
Nxf4 28. Qd2 Nd3 29. Re4 Nxe1 30. Kxe1 Nxg3 31. hxg3 Rxg3 32. Rf4+ Ke8 33. Qe2
Qd5 34. a3 Rg2 35. Qe3 Rg1+ 36. Kd2 R7g2+ 37. Rf2 Rxf2+ 38. Qxf2 Rg2 39. Ke3
Rxf2 40. Kxf2 e5 41. dxe5 Qxe5 42. Nd2 Qxc3 43. Re1+ Kd8 44. Nb1 Qb2+ 45. Kf3
c3 46. Rd1+ Kc8 47. Nxc3 Qxc3+ 48. Kg4 Qxa3 49. Rf1 b4 50. Rf7 b3 51. Rh7 b2
52. Rh8+ Kd7 53. Rb8 Qa1 54. Rb7+ Kc6 55. Rb4 b1=Q 56. Rd4 Qxd4+ 57. Kh5 Qf5+
58. Kh6 58... Qdf6# {Hossa checkmated} 0-1

[Event "ICS rated blitz match"]
[Site "204.178.125.65"]
[Date "1999.08.04"]
[Round "?"]
[White "ParalyseCabbage"]
[Black "Hossa"]
[Result "0-1"]
[WhiteElo "2056"]
[BlackElo "2378"]
[PlyCount "40"]
[EventDate "1999.??.??"]

1. b3 e5 2. Bb2 Nc6 3. e3 e4 4. Ne2 d5 5. Ng3 Rb8 6. c4 Be6 7. cxd5 Bxd5 8. Nc3
Nf6 9. Nxd5 Qxd5 10. Bc4 Qg5 11. O-O Qg6 12. d4 Bd6 13. f4 Ne7 14. d5 Bc5 15.
Re1 Ng4 16. Bd4 Bb6 17. h3 Nf6 18. Bxb6 axb6 19. d6 Rd8 20. Bb5+ 20... c6 {
ParalyseCabbage resigns} 0-1

[Event "ICS rated blitz match"]
[Site "204.178.125.65"]
[Date "1999.08.04"]
[Round "?"]
[White "Hossa"]
[Black "SlickMick"]
[Result "1-0"]
[WhiteElo "2382"]
[BlackElo "2148"]
[PlyCount "24"]
[EventDate "1999.??.??"]

1. d4 Nf6 2. c4 g6 3. Nc3 Bg7 4. e4 d6 5. f3 O-O 6. Be2 e5 7. Be3 exd4 8. Bxd4
Nc6 9. Be3 Be6 10. Qb3 Ne5 11. O-O-O a6 12. Bd4 12... b5 {SlickMick resigns}
1-0